טוען...

Journal of South East Asian history

מידע ביבליוגרפי
יצא לאור: Dept of History, University of Singapore
LEADER 00286nam a22000857a 4500
245 |a Journal of South East Asian history 
260 |b Dept of History, University of Singapore 
942 |c BV 
999 |c 103122  |d 103122 
952 |0 0  |1 0  |4 0  |7 0  |9 97262  |a SSS  |b SSS  |c BV  |d 2016-02-04  |l 0  |p SSSJ0316  |r 2016-02-04  |w 2016-02-04  |y BV